| 000 | 00413nam a2200133Ia 4500 | ||
|---|---|---|---|
| 008 | 211109s9999||||xx |||||||||||||| ||und|| | ||
| 082 |
_a894 _bLAK-T |
||
| 100 | _aLakshmana Pillai T, | ||
| 245 | 0 | _aTamil Poetical Works Of | |
| 260 |
_bUn Known _aMisplace _c1943 |
||
| 630 | _xGeneral Stack | ||
| 650 |
_aAltaic, Uralic, Hyperborean & Dravidian _vLiteratures of other languagesLanguages _xGeneralia |
||
| 942 | _cBOOK | ||
| 999 |
_c10824 _d10824 |
||